| 000 | 00401nam a22001337a 4500 | ||
|---|---|---|---|
| 020 | _a9788121908245 | ||
| 040 | _cNUST | ||
| 082 | _a621.0042 DHA | ||
| 100 |
_aDhawan, R. K. _9974 |
||
| 245 |
_a A Textbook of Machine Drawing: _bIn First Angle Projections |
||
| 260 |
_aNew Dehli: _bS. Chand, _c2014. |
||
| 650 |
_a A Textbook of Machine Drawing in First Angle Projections _9113049 |
||
| 942 |
_2ddc _cBK |
||
| 999 |
_c594931 _d594931 |
||